000 00540nam a22001937a 4500
003 OSt
005 20140310181931.0
008 130722t xxu||||| |||| 00| 0 eng d
020 _a9780764196898
050 _aHF 1118
_b.B277 2010
082 _aTR 510
_bB23 2010
245 _aBarrons GMAT :
_b400 cards with questions, answers, and examples. /
260 _aNew York :
_bBarrons Educational Series,
_cc2010.
300 _a400 cards. :
_c13 cm.
521 _aFaculty
541 _j1
562 _e1
942 _2lcc
_cBK-TR
_kTR
999 _c7389
_d7389